Gaming Quiz

Random Gaming Quiz

Video Game Subordinates By Quotes Quiz Stats

 Plays Quiz not verified by Sporcle

Support Sporcle.
Go Orange.
Score 0/15 Timer 08:00
0 Plays Today
Quote Character % Correct
'Well, look who's too late to save the day. How's it going, Bat-brain? It's been a while.'Harley Quinn
90.9%
'There's nothing left to say. For you and I, Leon, we're merely different sides of the same coin...'Jack Krauser
60.6%
'Face it, genius. You've been played.'Harry Flynn
48.5%
'So it has come down to it. We’re going to launch that nuke, and ride it all the way into history.'Revolver Ocelot
48.5%
'You've been successful at foiling Master Giygas' plans. But... Buzz Buzz, you must now surrender. You're no longer a hero, but just a useless insect. I'll stomp you hard!'Starman Junior
48.5%
'This is ______ of the Raptor News Network, just doin' God's work.'Bob Barbas
48.5%
'Didn't your mother ever teach you any manners... Or was she too busy **** whatever breeze drifted through the town?''Bloody Mary
45.5%
'A strong fighter is not one who always wins, but one who stands after defeat.'Sagat
42.4%
Quote Character % Correct
'I will give you a warrior's death.'Goro
42.4%
'What's this, goddess? An intruder! He's ugly! Ugly ugly Ugly!'J.S. Steinman
42.4%
'Every time I wanted to get rid of you he'd find some excuse to keep you alive! Well, now it's up to me, and I ain't such a **** soft touch!'Edward Pulaski
39.4%
'You're good, but I'm better!'Wolf O'Donnell
36.4%
'So, you want to go a few rounds? When this is over, we'll see who's obsolete!'Doctor N. Gin
36.4%
'This is some **** up foreplay, eh?'Buck Hughes
36.4%
'Sometimes in the service of what is right, you got to do terrible things.'Vincente de Santa
30.3%

You're not logged in!

Compare scores with friends on all Sporcle quizzes.
OR
Log In

From the Vault

'G' Authors

by william2

No, it's not a grade. But it is a nice reading list for you to get into.
Remove Ads.
Support Sporcle.
Get the best of Sporcle when you Go Orange. This ad-free experience offers more features, more stats, and more fun while also helping to support Sporcle. Thank you for becoming a member.

Show Comments

Extras

Top Quizzes Today


Score Distribution

Your Account Isn't Verified!

In order to create a playlist on Sporcle, you need to verify the email address you used during registration. Go to your Sporcle Settings to finish the process.

Report this User

Report this user for behavior that violates our Community Guidelines.

Details: